| 000 | 00817nam a22002177a 4500 | ||
|---|---|---|---|
| 003 | OSt | ||
| 005 | 20251106052602.0 | ||
| 008 | 250623b |||||||| |||| 00| 0 eng d | ||
| 020 | _a 9786214270422 | ||
| 040 |
_aDWCL - Main lib _cOC |
||
| 082 | _aFil. 650.1 M539c 2018 | ||
| 100 | _aMendoza, Ernesto H. | ||
| 245 |
_aCorporate Social Responsibility, Good Governance, & Environmental Accountability: _bA tri-focal approach to the philosophy of business/ _cErnesto H. Mendoza |
||
| 260 |
_aManila, Philippines : _bUnlimited books library services & publishing inc., _c c2018 |
||
| 300 |
_axiii, 234 pages : _billustrations ; _c 25cm. |
||
| 504 | _aincludes bibliographic references | ||
| 650 | _a1. Business | ||
| 650 | _a2. Commerce-- Philosophy | ||
| 650 | _a3. Enterprise | ||
| 942 |
_2ddc _cBK - FIL _kFil. _n0 |
||
| 999 |
_c3234 _d3234 |
||